000 00464nab a2200145Ia 4500
003 ES-SlBCS
005 20210705211836.0
008 140529s2003 xxu||||| |||| 00| 0 por d
041 _apor
100 1 _aCarvalho, José Mauricio de
_9124654
245 0 0 _aPesquisa científica e evoluçao social
_c José Mauricio de Carvalho
650 0 4 _aEvolución Social
_990130
773 0 _tEducaçao e Filosofia
_gvol. 17, nº. 33, 2003, págs. 185-194
_wRev1534
942 _cAR
999 _c601409
_d601409